Report on the Monetary Development in the Czech Republic for the First Half 1997

Salvato in:
Dettagli Bibliografici
Natura: Libro
Lingua:inglese
Pubblicazione: Praha Czech National Bank 1997
Edizione:1. ed.
Soggetti:
Tags: Aggiungi Tag
Nessun Tag, puoi essere il primo ad aggiungerne!!

MARC

LEADER 00000nam a2200000 4500
001 c021861
005 20221129110238.4
041 0 |a eng 
044 |a CZ 
245 1 0 |a Report on the Monetary Development in the Czech Republic for the First Half 1997 
250 |a 1. ed. 
264 1 |a Praha  |b Czech National Bank  |c 1997 
300 |a 87 s. 
610 2 0 |a mena 
610 2 0 |a Česko 
610 2 0 |a banky 
610 2 0 |a trh kapitálový 
610 2 0 |a vývoj hospodársky 
610 2 0 |a bilancie 
610 2 0 |a politika menová 
610 2 0 |a vývoj menový 
610 2 0 |a trh finančný 
610 2 0 |a oblasti menové 
610 2 0 |a január-jún 
610 2 0 |a 1997 
610 2 0 |a január-marec